01471nam a2200361Ia 4500001001200000003000800012006001900020007001500039008004100054010001700095020001500112020001800127040002100145035002100166050002500187082002000212100002100232245013200253260005100385300001700436490003300453500007800486504005100564533015200615650003500767650004600802650004000848655002900888710001700917830003400934856012600968999001501094ebr10286164CaPaEBRm u cr cn|||||||||840822s1985 ilu sb 001 0 eng d z 84016184  z0226640329 z9780226640327 aCaPaEBRcCaPaEBR a(OCoLC)64680878014aHQ184.A5bO85 1985eb04a306.7/4/0942191 aOtis-Cour, Leah.10aProstitution in medieval societyh[electronic resource] :bthe history of an urban institution in Languedoc /cLeah Lydia Otis. aChicago :bUniversity of Chicago Press,c1985. axvii, 240 p.1 aWomen in culture and society aAn adaptation of the author's thesis (Ph. D.)--Columbia University, 1980. aIncludes bibliographical references and index. aElectronic reproduction.bPalo Alto, Calif. :cebrary,d2011.nAvailable via World Wide Web.nAccess may be limited to ebrary affiliated libraries. 0aProstitutionzEuropexHistory. 0aProstitutionzFrancezLanguedocxHistory. 0aSocial historyyMedieval, 500-1500. 7aElectronic books.2local2 aebrary, Inc. 0aWomen in culture and society.40uhttp://site.ebrary.com/lib/rucke/Doc?id=10286164zAn electronic book accessible through the World Wide Web; click to view c2072d2072